| 000 | 00537nam a22001937a 4500 | ||
|---|---|---|---|
| 005 | 20251108164222.0 | ||
| 008 | 250721s9999 xx 000 0 ara d | ||
| 082 | 1 | 4 | _a780.92/فري |
| 100 | 1 | _aفريد، بثينه | |
| 245 | 1 | 0 | _aعشرة من أساطين النغم / |
| 264 | 1 |
_aالقاهرة : _bدار الكتاب الحديث، _c[19-]. |
|
| 300 | _a298ص | ||
| 650 | 1 | 7 | _aالموسيقيون |
| 650 | 1 | 7 | _aالموسيقى |
| 650 | 1 | 7 | _aالتراجم |
| 650 | 1 | 7 | _aالتاريخ |
| 942 |
_2ddc _cBK |
||
| 999 |
_c6652 _d6652 |
||